000 00822nam a2200253 a 4500
001 67402
003 BD-RjUL
005 20211209081641.0
008 170325s1987 enka b 001 0 eng d
035 _a(BD-RjUL)67533
040 _aDLC
_cDLC
_dBD-RjUL
_beng
041 _aeng
082 0 0 _a005.133
_223
_bSUI 1987
100 1 _aSutcliffe, Richard J.
_9199696
245 1 0 _aIntroduction to programming using Modula-2 /
_cRichard J. Sutcliffe
260 _aColumbus, Ohio :
_bMerrill Pub. Co.,
_cc1987.
300 _axx, 551 p. :
_bill. ;
_c24 cm.
504 _aIncludes Bibliography and index.
650 0 _aModula-2 (Computer program language)
_9194820
650 0 _aprogrammering
_9137518
942 _2ddc
_cBK
999 _c67402
_d67402